000
00239nam a22000977a 4500
005
20251104112632.0
100
_a
Satheesh Chandran, M.G.
245
_a
Chila jaalakakkazhchakal. 2.
260
_b
Rubber, 713(October): 16-18.
_c
2025
942
_c
JS
999
_c
75751
_d
75751